MARC

LEADER 00000nam0a2200000 4500
001 334730
005 20231102004701.0
020 |a RU  |b 92-10182 
035 |a (RuTPU)RU\TPU\book\361023 
035 |a RU\TPU\book\110436 
090 |a 334730 
100 |a 20170905d1991 k y0rusy5003 ca 
101 0 |a rus 
102 |a RU 
105 |a y z 001zy 
200 1 |a Декомпозиция и оптимизация в слржных системах  |e сборник статей  |f Российская академия наук., Вычислительный центр; под ред. Ю. Н. Павловского 
210 |a Москва  |c ВЦ РАН  |d 1991 
215 |a 79. с.  |d 20 см 
320 |a Библиогр. в конце ст. 
606 1 |a Оптимальные процессы  |x Математическая теория  |x (автоматика)  |2 stltpush  |3 (RuTPU)RU\TPU\subj\47190  |9 66250 
606 1 |a Сложные системы  |x Математические основы  |2 stltpush  |3 (RuTPU)RU\TPU\subj\73149  |9 86329 
610 1 |a технические системы 
610 1 |a принятие решений 
610 1 |a имитационное моделирование 
610 1 |a математическая теория 
675 |a 681.51.01:517  |z rus  |v 3 
675 |a 519.876  |z rus  |v 3 
702 1 |a Павловский  |b Ю. Н.  |g Юрий Николаевич  |4 340 
712 0 2 |a Российская академия наук (РАН)  |b Вычислительный центр  |2 stltpush  |3 (RuTPU)RU\TPU\col\12845 
801 0 |a RU  |b RuMRKP  |c 19950417  |g psbo 
801 1 |a RU  |b 63413507  |c 20060925  |g PSBO 
801 2 |a RU  |b 63413507  |c 20170905  |g PSBO 
942 |c BK